Science Quiz

Random Science or Anatomy Quiz

First Five: Science Quiz Stats

 Plays Quiz Updated Jan 29, 2017

Support Sporcle.
Go Orange.
Score 0/30 Timer 06:00
6 Plays Today
% Correct
Hydrogen
94.5%
United States
93.6%
Helium
91.4%
Soviet Union
90.7%
1
88.5%
10
85%
Eye
84.7%
Arm
84.1%
Ear
83.9%
China
83.4%
11
81.1%
100
80.1%
101
78.5%
Crust (6,300-6,350km)
71.5%
Japan
68.3%
% Correct
Lithium
67.2%
Kingdom
63.9%
France
63.6%
Mantle (3,400-6,300km)
63.2%
Boron
60.8%
Phylum
58.2%
Order
51.9%
Class
50.4%
Beryllium
50.2%
Hip
49.9%
Inner Core (0-1,200km)
48.9%
Outer Core (1,200-3,400km)
48.6%
Gum
34.3%
Troposphere (0-12 km above ground level)
32.7%
Domain
26.1%

From the Vault

Conjoined Letters II

by goc3

Do they still teach cursive in grade school, or is that another thing to make us feel old?
Remove Ads.
Support Sporcle.
Get the best of Sporcle when you Go Orange. This ad-free experience offers more features, more stats, and more fun while also helping to support Sporcle. Thank you for becoming a member.

Show Comments

Extras

Top Quizzes Today


Score Distribution

Your Account Isn't Verified!

In order to create a playlist on Sporcle, you need to verify the email address you used during registration. Go to your Sporcle Settings to finish the process.

Report this User

Report this user for behavior that violates our Community Guidelines.

Details: